Louisiana affairs. Report of the Select Committee on that portion of the President's message relating to the condition of the south.

Bibliographic Details
Corporate Authors: United States. Congress. Joint Select Committee on the Condition of Affairs in the Late Insurrectionary States, ProQuest (Firm)
Format: eBook
Language:English
Published: Washington : [publisher not identified], 1874.
Series:United States congressional serial set.
Subjects:
Online Access:Connect to the full text of this electronic book

MARC

Tag First Indicator Second Indicator Subfields
LEADER 00000cam a22000001a 4500
001 in00002900813
005 20190401172840.0
006 m o d
007 cr un mmmapmmp
008 060914s1874 dcud o f000 0 eng d
035 |a cis2004005613 
040 |a UMI  |c UMI  |d UtOrBLW 
043 |a n-us--- 
099 |a ProQuest Serial Set Number 1657 H.rp.101/2 
110 1 |a United States.  |b Congress.  |b Joint Select Committee on the Condition of Affairs in the Late Insurrectionary States. 
245 1 0 |a Louisiana affairs. Report of the Select Committee on that portion of the President's message relating to the condition of the south. 
246 1 |a Condition of South, denial of elective franchise: pt. 2, Louisiana evidence 
264 1 |a Washington :  |b [publisher not identified],  |c 1874. 
300 |a 1 online resource. 
336 |a text  |b txt  |2 rdacontent 
337 |a computer  |b c  |2 rdamedia 
338 |a online resource  |b cr  |2 rdacarrier 
490 0 |a H.rp.101/2 
500 |a Record is based on bibliographic data in ProQuest U.S. Serial Set Digital Collection (last viewed Sept. 2006). Reuse except for individual research requires license from ProQuest, LLC. 
510 3 |a ProQuest U.S. Serial Set Digital Collection 
500 |a Electronic resource. 
650 0 |a Elections. 
650 0 |a Evidence. 
650 0 |a Race discrimination. 
655 7 |a Electronic books.  |2 local 
710 2 |a ProQuest (Firm) 
830 0 |a United States congressional serial set. 
856 4 0 |u http://proxy.library.tamu.edu/login?url=http://congressional.proquest.com/congcomp/getdoc?SERIAL-SET-ID=1657+H.rp.101/2  |z Connect to the full text of this electronic book  |t 0 
999 |a MARS 
999 f f |s 6aaa7c24-fd34-3e15-a09a-33598e47df9a  |i be0fa32d-fbe0-3ee2-b0cf-0f734a30c852  |t 0 
952 f f |a Texas A&M University  |b College Station  |c Electronic Resources  |d Available Online  |t 0  |e ProQuest Serial Set Number 1657 H.rp.101/2  |h Other scheme 
998 f f |a ProQuest Serial Set Number 1657 H.rp.101/2  |t 0  |l Available Online